<?xml version="1.0" encoding="UTF-8"?>
<record
    xmlns:xsi="http://www.w3.org/2001/XMLSchema-instance"
    xsi:schemaLocation="http://www.loc.gov/MARC21/slim http://www.loc.gov/standards/marcxml/schema/MARC21slim.xsd"
    xmlns="http://www.loc.gov/MARC21/slim">

  <leader>00374    a2200109   4500</leader>
  <controlfield tag="001">ART_4822</controlfield>
  <controlfield tag="005">20260410161825.0</controlfield>
  <controlfield tag="008">260409a                                 </controlfield>
  <datafield tag="245" ind1="1" ind2="0">
    <subfield code="a">El estado del arte de la sociolog&#xED;a del trabajo en Argentina</subfield>
  </datafield>
  <datafield tag="100" ind1="1" ind2=" ">
    <subfield code="a">Neffa, Julio C&#xE9;sar</subfield>
  </datafield>
  <datafield tag="773" ind1="0" ind2=" ">
    <subfield code="t">Revista de trabajo</subfield>
    <subfield code="g">Sociolog&#xED;a del trabajo - A&#xF1;o 2, N&#xBA; 8 (jul./dic. 1995)</subfield>
    <subfield code="w">REV4713</subfield>
  </datafield>
  <datafield tag="999" ind1=" " ind2=" ">
    <subfield code="c">22674</subfield>
    <subfield code="d">22674</subfield>
  </datafield>
</record>
